Синтез и некоторые свойства азометиновых производных тетразолов и тетразинов: автореферат диссертации на соискание ученой степени кандидата химических наук; спец. 02.00.03

Bibliografske podrobnosti
Glavni avtor: Сысоев А. В. Александр Владимирович
Korporativna značnica: Алтайский государственный технический университет им. И. И. Ползунова (АлтГТУ) Бийский технологический институт (БТИ)
Drugi avtorji: Мороженко Ю. В. Юрий Васильевич (научный руководитель)
Izvleček:Заглавие с титульного экрана
Электронная версия печатной публикации
Jezik:ruščina
Izdano: Томск, 2016
Teme:
Online dostop:http://earchive.tpu.ru/handle/11683/35249
Format: MixedMaterials Elektronski Knjiga
KOHA link:https://koha.lib.tpu.ru/cgi-bin/koha/opac-detail.pl?biblionumber=320958

MARC

LEADER 00000nlm0a2200000 4500
001 320958
005 20231102003328.0
035 |a (RuTPU)RU\TPU\book\346489 
035 |a RU\TPU\book\346487 
090 |a 320958 
100 |a 20160802j2016 k y0rusy50 ca 
101 0 |a rus 
102 |a RU 
105 |a a dm 001zy 
135 |a drgn ---uucaa 
181 0 |a i  
182 0 |a b 
200 1 |a Синтез и некоторые свойства азометиновых производных тетразолов и тетразинов  |b Электронный ресурс  |e автореферат диссертации на соискание ученой степени кандидата химических наук  |e спец. 02.00.03  |f А. В. Сысоев  |g Алтайский государственный технический университет им. И. И. Ползунова (АлтГТУ), Бийский технологический институт (БТИ) ; науч. рук. Ю. В. Мороженко 
203 |a Текст  |c электронный 
210 |a Томск  |d 2016 
215 |a 1 файл (877 Kb) 
230 |a Электронные текстовые данные (1 файл : 877 Kb) 
300 |a Заглавие с титульного экрана 
300 |a Электронная версия печатной публикации 
452 1 |0 (RuTPU)RU\TPU\book\348162  |t Синтез и некоторые свойства азометиновых производных тетразолов и тетразинов  |o автореферат диссертации на соискание ученой степени кандидата химических наук  |o спец. 02.00.03  |f А. В. Сысоев  |g Алтайский государственный технический университет им. И. И. Ползунова (АлтГТУ), Бийский технологический институт (БТИ) ; науч. рук. Ю. В. Мороженко  |c Томск  |n [Б. и.]  |d 2016  |p 20 с.  |a Сысоев, Александр Владимирович 
606 1 |a Тетразольные соединения  |2 stltpush  |3 (RuTPU)RU\TPU\subj\75646  |9 87335 
606 1 |a Тетразиновые соединения  |2 stltpush  |3 (RuTPU)RU\TPU\subj\75647  |9 87336 
610 1 |a авторефераты диссертаций 
610 1 |a электронный ресурс 
610 1 |a синтез 
610 1 |a свойства 
610 1 |a азометины 
610 1 |a тетразолы 
610 1 |a тетразины 
675 |a 547.79(04)  |v 4 
675 |a 547.88(04)  |v 4 
686 |a 02.00.03  |2 oksvnk 
700 1 |a Сысоев  |b А. В.  |g Александр Владимирович 
702 1 |a Мороженко  |b Ю. В.  |g Юрий Васильевич   |4 727 
712 0 2 |a Алтайский государственный технический университет им. И. И. Ползунова (АлтГТУ)  |b Бийский технологический институт (БТИ)  |2 stltpush  |3 (RuTPU)RU\TPU\col\923 
801 2 |a RU  |b 63413507  |c 20161216  |g RCR 
856 4 |u http://earchive.tpu.ru/handle/11683/35249 
942 |c CF